Quiz by ChatGPT #1 - History - Statistics

General Stats
  • This quiz has been taken 18 times
  • The average score is 8 of 20
Answer Stats
Question Answer % Correct
Which battle in 1415 marked a decisive English victory in the Hundred Years' War? Battle of Agincourt
75%
Which city served as the capital of the Byzantine Empire after its founding in 330 CE? Constantinople
75%
Which empire was established by the Ottoman Turks in the late 13th century and lasted until the early 20th century? Ottoman Empire
75%
The Great Fire of London took place in which year? 1666
50%
Who was the first woman to be crowned Empress of Russia? Catherine the Great
50%
Who was the English king during the signing of the Magna Carta in 1215? Edward I
50%
Who founded the Aztec Empire? Itzcoatl
50%
Which civilization was responsible for building the famous city of Petra in present-day Jordan? Nabateans
50%
Which philosopher is known for his work "The Republic," which explores justice and the ideal state? Plato
50%
Which civilization is credited with the creation of the first known writing system, cuneiform? Sumerians
50%
What was the name of the treaty signed in 1648 that ended the Thirty Years' War? Treaty of Westphalia
50%
Who was the first emperor of the Roman Empire? Augustus
25%
Which Chinese emperor built the Terracotta Army to accompany him in the afterlife? Emperor Qin Shi Huang
25%
Which leader was responsible for the conquest of the Inca Empire in the 16th century? Francisco Pizarro
25%
What event is widely considered to have started the French Revolution in 1789? Storming of the Bastille
25%
Which civilization built the city of Teotihuacan, famous for its massive pyramids? Teotihuacanos
25%
The Battle of Stalingrad, a turning point in World War II, took place in which year? 1943
0%
Which African empire was known for its wealth and power in the 14th century, ruled by Mansa Musa? Mali Empire
0%
Which ancient empire was led by Ashoka, one of its greatest rulers, in the 3rd century BCE? Maurya Empire
0%
Which was the first country to establish a constitutional monarchy, following its revolution in 1688? United Kingdom
0%
No matching quizzes found
Score Distribution
Percent of People with Each Score
Percentile by Number Answered
Your Score History
You have not taken this quiz